00700nam a2200217Ia 450000500170000000800410001702000260005804000190008404100120010308200190011510000200013424500740015426000380022830000120026650400500027865000260032865000140035465000670036865100260043585000210046120211215121907.0131103s9999 xx 000 0 und d a8170335566cRs.175.00 aLoreto College aEnglish a303.40954bSIN aSingh, Yogendra aCulture change in Indiab identity and globalization cYogendra Singh aJaipurbRawat Publicationscc2000 a260 p.  aIncludes bibliographical references and index aGroup IdentityzIndia aSociology aStructural Adjustment (Economic Policy)- Social AspectszIndia aSocial Change zIndia aLCLIBbSociology